When iron gates yield / (Record no. 23378)
[ view plain ]
| 000 -LEADER | |
|---|---|
| fixed length control field | 00706nam a2200229 a 4500 |
| 001 - CONTROL NUMBER | |
| control field | 23378 |
| 003 - CONTROL NUMBER IDENTIFIER | |
| rucl marc code | BD-RjUL |
| 005 - DATE AND TIME OF LATEST TRANSACTION | |
| control field | 20211209000925.0 |
| 008 - FIXED-LENGTH DATA ELEMENTS--GENERAL INFORMATION | |
| fixed length control field | 140310s1955 enkbc 00010 eng d |
| 035 ## - SYSTEM CONTROL NUMBER | |
| System control number | (BD-RjUL)23443 |
| 040 ## - CATALOGING SOURCE | |
| Original cataloging agency | ANL |
| Transcribing agency | ANL |
| Language of cataloging | eng |
| 041 ## - LANGUAGE CODE | |
| Language code of text/sound track or separate title | eng |
| 082 00 - DEWEY DECIMAL CLASSIFICATION NUMBER | |
| Classification number | 275.15 |
| Author mark and year | BUW 1955 |
| 100 1# - MAIN ENTRY--PERSONAL NAME | |
| Personal name | Bull, Geoffrey T. |
| Fuller form of name | (Geoffrey Taylor), |
| Dates associated with a name | 1921- |
| 9 (RLIN) | 71999 |
| 245 10 - TITLE STATEMENT | |
| Title | When iron gates yield / |
| Statement of responsibility, etc. | by Geoffrey T. Bull. |
| 260 ## - PUBLICATION, DISTRIBUTION, ETC. (IMPRINT) | |
| Place of publication, distribution, etc. | London : |
| Name of publisher, distributor, etc. | Hodder & Stoughton, |
| Date of publication, distribution, etc. | 1955. |
| 300 ## - PHYSICAL DESCRIPTION | |
| Pagination | 254 p. : |
| Illustrations | maps, ports. ; |
| Size | 21 cm. |
| 500 ## - GENERAL NOTE | |
| General note | Map on lining papers. |
| 650 #0 - SUBJECT ADDED ENTRY--TOPICAL TERM | |
| Topical term or geographic name as entry element | Missions |
| Geographic subdivision | China |
| -- | Tibet Autonomous Region. |
| 9 (RLIN) | 72000 |
| Topical term or geographic name as entry element | Missionaries |
| Geographic subdivision | England |
| General subdivision | Biography. |
| 9 (RLIN) | 72001 |
| 942 ## - ADDED ENTRY ELEMENTS (KOHA) | |
| Source of classification or shelving scheme | Dewey Decimal Classification |
| Koha item type | Books |
| Lost status | Source of classification or shelving scheme | Damaged status | Not for loan | Collection code | Permanent Location | Current Location | Shelving location | Date acquired | Source of acquisition | Cost, normal purchase price | Total Checkouts | Full call number | Date last seen | Copy number | Koha item type |
|---|---|---|---|---|---|---|---|---|---|---|---|---|---|---|---|
| Dewey Decimal Classification | Added to bundle | Non-fiction | Central Library, University of Rajshahi | Central Library, University of Rajshahi | Reading Room | 14/02/1956 | O. B. Z. Stationary Co. | 10.30 | 275.15 BUW 1955 | 10/03/2014 | C-1 | Books |